[Event "Quebec op U1400"]
[Site "Montreal"]
[Date "2016.07.26"]
[Round "5.4"]
[White "Bercuvitz, Tani"]
[Black "Amyot, Stephane"]
[Result "1-0"]
[WhiteElo "1280"]
[BlackElo "1218"]
[PlyCount "61"]
[EventDate "2016.07.23"]
[EventType "swiss"]
[EventRounds "8"]
[EventCountry "CAN"]
[SourceTitle "EXT 2022"]
[Source "ChessBase"]
[SourceDate "2021.10.06"]
[SourceVersion "1"]
[SourceVersionDate "2021.10.06"]
[SourceQuality "1"]

1. d4 d5 2. c4 c6 3. Nc3 Nf6 4. Nf3 e6 5. Bg5 Be7 6. e3 0-0 7. Rc1 Nbd7 8. Bd3 Re8 9. 0-0 Nf8 10. Ne5 Ng6 11. Nxg6 fxg6 12. a3 Rf8 13. Qc2 Bd6 14. c5 Bxh2+ 15. Kh1 Bc7 16. g3 e5 17. dxe5 Bxe5 18. Rfe1 Qd7 19. f4 Bc7 20. Bxf6 gxf6 21. Rcd1 Qf7 22. Qb3 Bg4 23. Rd2 Kg7 24. Qxb7 Rfe8 25. Kh2 Rab8 26. Qxc6 d4 27. Nd5 g5 28. Qxc7 dxe3 29. Qxf7+ Kxf7 30. Nxe3 Red8 31. Nxg4 1-0